| 000 | 00461nam a2200157 i 4500 | ||
|---|---|---|---|
| 001 | 34167 | ||
| 003 | ES-MaACL | ||
| 005 | 20230906154903.0 | ||
| 007 | t| | ||
| 008 | 030204s1956 sp ||||1| spa d | ||
| 100 | 1 |
_aBlanco C. de Cela, Alfredo. _929228 |
|
| 245 | 1 | 0 |
_aAmaya / _cAlfredo Blanco C. de Cela. |
| 260 |
_aMadrid : _b[s.n., _c1956] ( _eValencia : _fFedérico Domenech) |
||
| 300 |
_a149 p., 24 lám. ; _c21 cm. |
||
| 852 |
_aES-MaACL _jC-12887 _bR.40612 |
||
| 999 |
_c34167 _d34167 |
||